| 000 | 00748nam a2200181Ia 4500 | ||
|---|---|---|---|
| 008 | 151018s9999 xx 000 0 und d | ||
| 082 |
_bRBASDV39101 _a801.95 |
||
| 100 | _aअलका भोपटकर | ||
| 245 | _aविजया राजाध्यक्ष यांचे कथाविश्व | ||
| 250 | _b1 | ||
| 260 |
_bचंद्रकला प्रकाशन पुणे _c2001 |
||
| 300 | _a183 | ||
| 600 | _aअलका भोपटकर | ||
| 630 | _aविजया राजाध्यक्ष यांचे कथाविश्व | ||
| 700 | _aअलका भोपटकर | ||
| 730 | _aविजया राजाध्यक्ष यांचे कथाविश्व | ||
| 942 | _cBOOK | ||
| 999 |
_c1038432 _d1038429 |
||